000 00696nam a22001817a 4500
003 BD-DhUL
005 20161018142242.0
008 161018b xxu||||| |||| 00| 0 eng d
040 _cBD-DhUL
082 _a508
_bABE
100 _aআবদুল্লাহ আল-মুতী
245 _aআল্লামা ইকবাল /
_cআবদুল্লাহ আল-মুতী
260 _aকলিকাতা :
_bসংস্কৃত পুস্তক ভাণ্ডার,
_c১৯৮০.
300 _a১১২ পৃ. ;
_c২০ সেমি.
650 _aইতিহাস
_xHistory
700 _aসত্যব্রত ভঞ্জ চৌধুরী
942 _2ddc
_cBK
999 _c110853
_d110853